| 000 | 00440nam a2200181Ia 4500 | ||
|---|---|---|---|
| 003 | OSt | ||
| 005 | 20240429113158.0 | ||
| 008 | 230312s9999||||xx |||||||||||||| ||und|| | ||
| 040 | _bEnglish | ||
| 082 |
_a338.9 _bSHA |
||
| 100 | _aA. Hamid Shahid | ||
| 245 | 0 | _aEconomic Planning W.R.T. Pakistan | |
| 260 |
_bIlmi Kitab Khana _aLahore _c2005 |
||
| 300 | _a557 | ||
| 546 | _aEng. | ||
| 650 |
_aEconomics _vPlanning models |
||
| 942 |
_cBK _2ddc |
||
| 999 |
_c2221 _d2221 |
||